00761nam a2200205 i 450000100060000000300090000600500170001500700030003200800410003510000240007624501110010026000320021130000220024349000360026570000390030183000440034085200320038499900170041695201220043371915ES-MaACL20230906171254.0t|040820s1970 sp ||||1| spa d1 aGigon, Olof.95671113aLa cultura antigua y el cristianismo / cOlof Gigon ; [versión española de Manuel Carrión Gútiez]. aMadrid : bGredos, c[1970] a258 p. ; c19 cm.1 aBiblioteca universitaria Gredos1 aCarrión Gútiez, Manuel.9358100 aBiblioteca universitaria Gredos9186425 aES-MaACLjC-40538 bR.74029 c71915d71915 00104070aATENEOMbATENEOMcDEPO2d2008-01-17eSCl0oC-40538p1075283r2023-02-23 00:00:00w2023-02-23yMONOGRAFIA